Golden Girls Theme Song - Statistics

General Stats
  • This quiz has been taken 822 times
    804 since last reset
  • The average score is 11 of 12
Answer Stats
Hint Answer % Correct
Thank you for being a ______ Friend
100%
Traveled down the _____ Road
99%
And ____ _____ Back Again
96%
Your _____ is true Heart
96%
_____ ___ ___ _____ _ friend Thank You for Being A
96%
Invited everyone you ____ Knew
94%
Would be from __ Me
93%
You're a ___ Pal
93%
And the ____ attached would say Card
92%
And if you _____ _ _____ Threw a Party
90%
You would see the _______ ____ Biggest Gift
88%
And a _________ Confidant
86%
No matching quizzes found
Score Distribution
Percent of People with Each Score
Percentile by Number Answered
Your Score History
You have not taken this quiz since the last reset